| 000 | 00624nam a2200217Ia 4500 | ||
|---|---|---|---|
| 005 | 20250508165733.0 | ||
| 008 | 008 250505s9999 xx 000 0 eng d | ||
| 020 | _a978-1-8095-0427-5 | ||
| 037 | _aTextual | ||
| 040 |
_aFEDL _beng _cFEDL |
||
| 041 |
_aeng _2eng |
||
| 084 |
_a305.4, MUK _qFEDL |
||
| 100 |
_aMukhopadhyay Maitrayee Ed. _9437844 |
||
| 245 | 0 | _aGender justice citizenship and development | |
| 260 |
_aNew Delhi, India _bZubaan _c2007 |
||
| 300 | _aviii, 358p. | ||
| 365 |
_aINR _b395 |
||
| 700 |
_a Navsharan Singh Ed. _9781767 |
||
| 942 |
_cTEXL _h305.4, MUK |
||
| 999 |
_c1397141 _d1397141 |
||